Sports Quiz

Random Sports Quiz
Score 0/10 Timer 05:00
0 Plays Today
Наш клуб Соперник % Correct
КраснодарПАОК
86.7%
ЗенитЛион
56.6%
ЛокомотивБайер
55.9%
ЦСКАЭспаньол
42.3%
СпартакТун
29.3%
РостовСпарта
29.2%
ДинамоАндерлехт
21.7%
РубинСьон
11.9%
АнжиГенк
11.9%
КубаньСанкт-Галлен
11.2%
Remove Ads.
Support Sporcle.
Get the best of Sporcle when you Go Orange. This ad-free experience offers more features, more stats, and more fun while also helping to support Sporcle. Thank you for becoming a member.

You're not logged in!

Compare scores with friends on all Sporcle quizzes.
OR
Log In

Show Comments

Extras

Created Nov 27, 2020ReportNominate

Top Quizzes Today


Score Distribution

Your Account Isn't Verified!

In order to create a playlist on Sporcle, you need to verify the email address you used during registration. Go to your Sporcle Settings to finish the process.

Report this User

Report this user for behavior that violates our Community Guidelines.

Details: